00628nam a22001697a 4500003000900000008004100009040007100050082002500121100002100146245005200167260003700219300002700256505012800283650001600411650001600427650001500443AR-CdUCM190416b ||||| |||| 00| 0 spa d aMUNICIPALIDAD PROVINCIAL DEL CUSCOcBIBLIOTECA MUNICIPAL DEL CUSCO a341.92 /bL13 / 1954 aLabarthe, Manuel aLa filosofía jurídica de Gustavo Radbruch / aLima :bRevista del foro,c1954. a16 páginas ;c25 cm. aContenido : Conferencia dedicada en el paraninfo de la universidad de San Antonio Abad del Cuzco el 7 de noviembre de 1954. aConferencia aFilosofía aJurídica